000 01002nam a2200313 i 4500
003 EG-GICUC
005 20260301212527.0
008 260213s1991 fr ||||fr||| 000 0 ffredd
040 _aEG-GiCUC
_bfre
_cEG-GiCUC
_dEG-GiCUC
_eRda
082 0 4 _221
_a341.76040
_bLY . D
092 0 4 _221
099 _aLaw1 11 341.76040 LY . D 1991
100 1 _aLyon-caen,Gérard
_eAuteur
245 1 0 _aDroit Social International Et Européen /
_cGérard Lyon-caen, Antoine Lyon-caen.
_b
_n
250 _a7° Édition
264 1 _aParis :
_bDalloz,
_c1991.
300 _a323page :
_billustration ;
_c 24 cm.
336 _2rda contenu
_a texte
337 _2rda medias
_aOrdinateur
338 _2 transporteur rda
_a Ressource en ligne
504 _a
546 _aTexte en français
650 1 4 _aDroit international public
_2
651 1 _2
700 1 _aLyon-caen., Antoine
_eCo-Auteur
856 4 0 _uhttps://fll.law.cu.edu.eg/fulltext/bks/B11-07259.pdf
905 _a50
942 _2ddc
_cBK
_e21
_n0
999 _c63007
_d63007